[Event "9th Norway Chess 2021"]
[Site "Stavanger"]
[Date "2021.09.13"]
[Round "6.1"]
[White "Karjakin, Sergey"]
[Black "Nepomniachtchi, Ian"]
[Result "1/2-1/2"]
[WhiteElo "2758"]
[BlackElo "2792"]
[Annotator "TA"]
[PlyCount "57"]
[EventDate "2021.08.31"]
[EventType "tourn"]
[EventCountry "NOR"]
[SourceTitle "playchess.com"]
[Source "ChessBase"]
[SourceQuality "1"]

{[%evp 19,57,20,22,0,0,0,0,0,8,0,0,12,12,12,12,14,12,0,0,0,0,0,0,0,0,0,0,0,0,0,
0,0,0,0,0,0,0,0,0,0]} 1. d4 Nf6 2. c4 e6 3. Nf3 d5 4. g3 Be7 5. Bg2 O-O 6. O-O
dxc4 7. Ne5 Nc6 8. Bxc6 bxc6 9. Nxc6 Qe8 10. Nxe7+ Qxe7 {The position is equal.
} 11. Nc3 {11.Qc2 is setting a new trend. E05: Open Catalan: 5 Nf3 Be7.} Rd8
12. Qa4 Rxd4 13. Be3 {[#]} e5 $146 ({Predecessor:} 13... Rd8 14. Qxc4 e5 15.
Qc5 Qxc5 16. Bxc5 Bf5 17. Rfd1 a6 18. f3 e4 19. Kf2 h5 20. Rac1 exf3 {1/2-1/2 
(20) Potapova,M (2550)-Rodrigue Lemieux,S (2715) Chess.com INT 2020}) 14. Qc6
Rb8 15. Bxd4 exd4 16. Nd5 Nxd5 17. Qxd5 c5 18. Qxc4 {Rac1 is the strong threat.
} Bh3 $1 19. b3 Bxf1 (19... Re8 {with more complications.} 20. Qd3 Bxf1 21.
Kxf1 Qb7 22. Qf3 Qe7) 20. Kxf1 $11 {[%mdl 4096] Endgame KQR-KQR} Re8 21. Rc1 h5
22. Qd3 g6 23. h4 Qb7 {[%cal Rb7h1] [#]} 24. Qf3 Qb5 25. Rc4 Re5 26. Qd3 Qb7 {
[%cal Rb7h1]} 27. Qf3 Qb5 28. Qd3 Qb7 {[%cal Rb7h1] [#]} 29. Qf3 {An
uneventful encounter.  Weighted Error Value: White=0.03/Black=0.00} 1/2-1/2

[Event "9th Norway Chess 2021"]
[Site "Stavanger"]
[Date "2021.09.13"]
[Round "6.2"]
[White "Karjakin, Sergey"]
[Black "Nepomniachtchi, Ian"]
[Result "1-0"]
[WhiteElo "2758"]
[BlackElo "2792"]
[Annotator "TA"]
[PlyCount "109"]
[EventDate "2021.08.31"]
[EventType "tourn"]
[EventCountry "NOR"]
[SourceTitle "playchess.com"]
[Source "ChessBase"]
[SourceQuality "1"]

{[%evp 9,109,0,0,0,0,0,0,0,0,0,0,0,0,0,0,0,0,0,22,18,14,0,0,13,0,0,0,4,19,18,
48,40,107,77,265,3,4,5,14,3,11,23,33,0,0,0,33,0,0,-36,247,0,220,0,0,0,0,0,0,0,
0,0,0,0,0,0,0,0,0,0,0,0,0,0,0,0,0,0,0,0,0,0,0,0,0,0,12829,12775,12830,885,
12833,12834,12834,12835,12835,12835,12839,12839,12840,12835,12841,12840]} 1. e4
e5 2. Bc4 Nf6 3. d3 c6 4. Nf3 d5 5. Bb3 a5 {...a4 is the strong threat.} 6. a4
{C24: Bishop's Opening: 2...Nf6.} (6. Nxe5 $2 a4 $19) 6... Bb4+ 7. c3 Bd6 8.
exd5 {The position is equal.} cxd5 9. Bg5 Be6 10. Na3 Nbd7 11. Nb5 Bb8 12. O-O
O-O 13. Bh4 $5 {[%mdl 4] Leaves trodden paths.} h6 14. Re1 Re8 15. d4 {[%cal
Rd4e5]} e4 16. Nd2 Ra6 17. c4 dxc4 18. Bxc4 Bxc4 19. Nxc4 {[#]} Qe7 $146 ({
Predecessor:} 19... Nb6 20. Bxf6 Qxf6 21. Ne3 Bf4 22. Qb3 Qd8 23. Rac1 Ra8 24.
Rc5 Bxe3 25. fxe3 Rc8 26. Rf1 Qd7 27. Rcf5 Nc4 28. Rxf7 Qe6 29. Nc7 {1-0 (29)
Yu,Y (2725)-Wang,Y (2737) Shenzhen 2016}) 20. d5 Qb4 (20... Qc5 $14 21. Ne3 Qf8
) 21. b3 $1 $16 Ne5 $2 (21... Nc5 $16) 22. d6 $2 (22. Bxf6 $18 Rxf6 23. Rxe4)
22... Nxc4 $11 23. bxc4 {Strongly threatening Bxf6.} Bxd6 24. Bxf6 gxf6 25.
Qg4+ Kf8 $1 26. Rxe4 Rxe4 27. Qxe4 Bc5 28. Nc7 Bxf2+ 29. Kf1 {[#]} Qd2 $2 {
[%mdl 8192] [#]} (29... Rc6 $1 $15 {stays ahead.} 30. Nd5 Qb2) 30. Qf3 $2 ({
Stronger than} 30. Nxa6 Bd4 $11) (30. Qh7 $1 $18 {[%cal Rh7h8]} Be3 31. Qh8+
Ke7 32. Qe8+ Kd6 33. Qd8+ Kc5 34. Qxd2 (34. Nxa6+ bxa6 35. Qxd2 Bxd2 $18) 34...
Bxd2 35. Nxa6+ bxa6 36. Ke2) 30... Rd6 $2 31. Nb5 $2 (31. Qxf2 $18 Qc3 32. Qa2)
31... Qb2 32. Nxd6 Qxa1+ {[%mdl 64] Double Attack} 33. Kxf2 Qd4+ {[%mdl 64]
Double Attack} 34. Ke2 Qxd6 35. Qxb7 {[%mdl 4096] Endgame KQ-KQ} Qe5+ (35...
Qxh2 {feels hotter.} 36. Qc8+ Kg7 37. Qg4+ Kf8 38. Qc8+) 36. Kd3 Qf5+ 37. Qe4
Qf1+ 38. Kd4 Qd1+ 39. Kc5 {aiming for Kb5.} Qxa4 40. Qb1 Qa3+ 41. Kb5 Kg7 42.
c5 {[%cal Bc4c5,Bc5c6,Bc6c7][%mdl 32]} a4 {White must now prevent ...Qb3+.} 43.
Qb4 Qb3 44. c6 Qd5+ 45. Kb6 {Hoping for c7.} Qb3 $1 {[%cal Rb3b4]} 46. Kc5 Qe3+
47. Kb5 {And now Qg4+ would win.} Qb3 $2 {[%mdl 8192]} (47... a3 $11 48. c7
Qe8+ 49. Kb6 Qe6+ 50. Kb7 a2) 48. c7 $18 {White is clearly winning.} Qd5+ 49.
Qc5 (49. Kb6 $142 Qd7 50. Qb5) 49... Qd7+ 50. Qc6 Qc8 51. Kxa4 h5 52. Kb5 h4
53. Kb6 h3 54. g3 f5 55. Ka7 {Weighted Error Value: White=0.35/Black=0.31} 1-0

[Event "9th Norway Chess 2021"]
[Site "Stavanger"]
[Date "2021.09.14"]
[Round "7.1"]
[White "Rapport, Richard"]
[Black "Karjakin, Sergey"]
[Result "1-0"]
[WhiteElo "2760"]
[BlackElo "2758"]
[Annotator "TA"]
[PlyCount "117"]
[EventDate "2021.08.31"]
[EventType "tourn"]
[EventCountry "NOR"]
[SourceTitle "playchess.com"]
[Source "ChessBase"]
[SourceQuality "1"]

{[%evp 10,117,7,-3,13,14,20,21,13,18,26,25,31,19,25,26,22,15,16,17,22,0,0,0,64,
75,59,58,93,110,101,74,81,38,68,42,67,71,85,37,78,64,62,71,68,66,81,22,22,36,
22,31,27,25,20,22,28,34,41,63,61,70,80,81,92,97,102,88,88,88,88,88,88,88,88,55,
57,12,121,123,131,137,318,310,264,242,396,331,323,312,308,307,324,313,416,413,
479,408,646,657,682,680,619,606,781,783,709,691,1000,966]} 1. d4 Nf6 2. c4 e6
3. Nc3 Bb4 4. Nf3 O-O 5. Qc2 d5 6. Bg5 h6 {E32: Nimzo-Indian: Classical (4 Qc2)
: 4...0-0.} (6... dxc4 {is more complex.} 7. e4 h6 8. Bxf6 Qxf6 9. Bxc4 c5) 7.
Bxf6 $1 {[%mdl 4] is now more promising than 7.Bh4.} Qxf6 8. a3 Bxc3+ {The
position is equal.} 9. Qxc3 dxc4 10. Qxc4 c6 11. g3 Nd7 {[%cal Bb8d7,Bd7c5,
Bc5d3][%mdl 32] [#]} 12. Bh3 $146 ({Predecessor:} 12. Qc3 c5 13. Bg2 b6 14. Ne5
cxd4 15. Qc7 Nxe5 16. Bxa8 Ba6 17. Qxa7 Bc4 18. f4 {1/2-1/2 (56) Zhao,X (2499)
-Tan,Z (2508) China 2017}) 12... c5 13. dxc5 b6 14. c6 Qxb2 15. O-O Nc5 16. Nd4
Rd8 ({Black should try} 16... e5 $1 $11 17. Bxc8 Raxc8) 17. e3 $14 {Black must
now prevent Rfb1.} Ba6 18. Qb4 $36 {[%cal Rb4b2][%mdl 2048] Black is under
pressure.} Nd3 19. Qxb2 Nxb2 20. Rfb1 Na4 21. f4 Nc3 22. Rb2 Nd5 23. Kf2 Nc7
24. Rd1 Rd6 25. Rbd2 Rad8 26. Ke1 Bc4 27. e4 f6 28. Bg2 (28. Bg4 $16) 28... e5
$11 {[%cal Rd6d4]} 29. fxe5 fxe5 {[%cal Rd6d4]} 30. Nf3 Rxd2 31. Rxd2 Rxd2 32.
Kxd2 $14 {[%mdl 4096] Endgame KBN-KBN} Bb5 33. Nxe5 Kf8 34. h4 Ke7 35. Ng6+ $1
Kd6 36. e5+ Kc5 37. Ne7 Kd4 38. Nc8 Kxe5 39. Nxa7 Kd6 40. Nc8+ Kc5 41. Ne7 Ne6
42. Kc3 Kd6 {[#]} 43. Kb4 $1 Ba6 (43... Nd4 $1 $11 44. Nc8+ Kc7) 44. Nf5+ $16
Ke5 {[#]} 45. Bh3 h5 $2 {This move loses the game for Black.} (45... Kd5 $16 {
was called for.} 46. Ne3+ Kd6) 46. Ne3 $18 Nc7 47. Bg2 g6 $2 (47... Kd6 48.
Nf5+ Ke5) 48. a4 Kd4 49. Nc2+ Ke5 50. Kc3 Kd6 51. Be4 Be2 52. Nd4 Ke5 53. Bxg6
Nd5+ (53... Bd1 $142 54. Nb5 Nd5+ 55. Kc4 Ne7) 54. Kd2 {White is clearly
winning.} Bg4 55. Nb5 Ne7 56. Be8 Bf3 57. c7 Bg4 58. Bf7 Nc6 {[#]} 59. Bxh5 $1
{[%mdl 512] Weighted Error Value: White=0.11/Black=0.27} 1-0

[Event "9th Norway Chess 2021"]
[Site "Stavanger"]
[Date "2021.09.14"]
[Round "7.1"]
[White "Firouzja, Alireza"]
[Black "Nepomniachtchi, Ian"]
[Result "1-0"]
[WhiteElo "2754"]
[BlackElo "2792"]
[Annotator "TA"]
[PlyCount "113"]
[EventDate "2021.08.31"]
[EventType "tourn"]
[EventCountry "NOR"]
[SourceTitle "playchess.com"]
[Source "ChessBase"]
[SourceQuality "1"]

{[%evp 12,113,24,12,8,7,16,16,19,0,6,16,0,0,9,13,11,12,14,-29,0,-7,0,0,12,-1,0,
0,0,0,1,0,0,0,14,20,24,27,30,29,32,28,79,70,81,69,88,42,81,68,104,90,95,96,91,
101,130,98,110,110,114,102,109,91,182,135,208,181,205,203,243,243,243,243,268,
258,277,276,289,277,336,335,442,436,493,554,525,455,860,860,846,839,852,689,
842,817,740,666,735,637,611,597,589,575]} 1. e4 e5 2. Nf3 Nc6 3. Bc4 Nf6 4. d3
Bc5 5. c3 d6 6. O-O O-O 7. Re1 $1 {[%mdl 4] outshines the older 7.Bb3.} a5 {
C54: Giuoco Piano: 4 c3 Nf6, main lines with 5 d4 and 5 d3.} 8. h3 Ba7 9. a4 h6
{The position is equal.} 10. Nbd2 Be6 11. Bxe6 fxe6 12. Nc4 Nh5 13. Be3 Bxe3
14. Rxe3 Nf4 {[#]} 15. Ncd2 $146 ({Predecessor:} 15. Kh2 b6 16. Qb3 Ng6 17. Rf1
Rb8 18. Ncd2 Qd7 19. Qb5 Rf7 20. g3 Rbf8 21. Kg2 Nge7 22. Ne1 Rd8 23. Nef3 Rdf8
24. Nh2 Nb8 25. Rf3 {1/2-1/2 (25) Stubbs,M (2203)-Graterol,S (2245) ICCF email
2018}) 15... Qf6 16. Nh2 Kh8 {...Nxg2! is the strong threat.} (16... Qg5 {
looks sharper.} 17. Rg3 Qh5 18. Rf3 Rf7 19. Kh1 Raf8) 17. Qf1 Rf7 18. Ndf3 Raf8
19. g3 Nh5 20. Rd1 Qe7 21. Kg2 Qe8 22. Rd2 Ne7 23. Qd1 Ng6 24. d4 exd4 25. cxd4
Nf6 26. Qc2 e5 (26... Ne7 $11 {keeps the balance.}) 27. dxe5 $16 dxe5 28. Rc3
c6 29. Rd6 Rd7 30. Rcd3 Rff7 31. Nf1 Rxd6 32. Rxd6 Rd7 33. Rxd7 Qxd7 34. N1d2
Nh5 35. Kh2 Nf6 36. Qc3 Qc7 37. Kg2 c5 (37... Qd8 $16 {keeps fighting.} 38. b3
Kh7) 38. Qd3 Ne7 (38... Qc6 $16 {was called for.}) 39. Nc4 $18 Nc6 40. Qd6 Qd7
41. Nfxe5 ({Don't do} 41. Qxc5 $6 Nxe4 42. Qe3 Qd5 $16) 41... Nxe5 42. Qxe5
Qxa4 43. Qxc5 Qc2 {[#]} 44. e5 {[%cal Re5f6]} Ng8 45. Qd5 Qb3 {Black hopes to
continue with ...b5.} 46. e6 b5 {[#]} 47. Qa8 $1 {Black must now prevent e7.
White is clearly winning.} Kh7 (47... Qb4 48. Ne5) 48. Qe4+ Kh8 49. Nxa5 Qxb2 (
49... Qa2 $142 50. Nc6 Qa8) 50. e7 Nxe7 51. Qxe7 b4 52. Qe8+ Kh7 53. Qe4+ Kh8
54. Qd5 Qa3 55. Nb3 Qa4 56. Nd4 Qe8 57. Qb7 {Weighted Error Value: White=0.10/
Black=0.17} 1-0

[Event "9th Norway Chess 2021"]
[Site "Stavanger"]
[Date "2021.09.14"]
[Round "7.1"]
[White "Tari, Aryan"]
[Black "Carlsen, Magnus"]
[Result "0-1"]
[WhiteElo "2642"]
[BlackElo "2855"]
[Annotator "TA"]
[PlyCount "102"]
[EventDate "2021.08.31"]
[EventType "tourn"]
[EventCountry "NOR"]
[SourceTitle "playchess.com"]
[Source "ChessBase"]
[SourceQuality "1"]

{[%evp 15,102,40,52,42,41,18,18,18,16,16,21,32,21,18,22,0,0,0,0,0,0,0,0,0,0,0,
0,0,0,0,0,0,0,0,0,0,0,0,0,0,0,-4,0,0,0,-33,-26,-27,-22,-29,-21,-29,-18,-30,-22,
-79,-77,-76,-76,-76,-76,-76,-20,-104,-102,-134,-132,-1401,-122,-127,0,-1535,
-1478,-5085,-2445,-2157,-1490,-29974,-29975,-29975,-29976,-29976,-29977,-29977,
-29978,-29977,-29978,-29981,-29982]} 1. e4 e5 2. Nf3 Nc6 3. Bb5 a6 4. Ba4 Nf6
5. O-O Be7 6. Re1 b5 7. Bb3 O-O 8. c3 Na5 9. Bc2 {C89: Closed Ruy Lopez:
Marshall Attack.} d5 10. d4 dxe4 11. Nxe5 {The position is equal.} c5 12. Be3 {
[#]} Bb7 $146 ({Predecessor:} 12... Qc7 13. Nd2 Bd6 14. Nxe4 cxd4 15. Nxd6 dxe3
16. Rxe3 Rd8 17. Rd3 Be6 18. b3 Bd5 19. Rxd5 Nxd5 20. Ndxf7 Nxc3 21. Qh5 g6 22.
Bxg6 Ne2+ 23. Kf1 hxg6 24. Qh8# {1-0 (24) Foix Breto,A (1887)-Kripanov,A (1992)
Girona 2014}) 13. Nd2 Rc8 14. h3 Re8 15. Ng4 (15. Rc1 {is more complex.} cxd4
16. Bxd4 Bc5 17. Nxe4 Bxe4 18. Bxe4 Bxd4 19. cxd4 Rxc1 20. Qxc1 Qxd4 21. Bf3)
15... Nd5 $1 16. Bxe4 Nxe3 17. Nxe3 ({But not} 17. fxe3 $2 Bxe4 18. Nxe4 f5 $19
) 17... cxd4 {Strongly threatening ...Bxe4.} 18. cxd4 Bxe4 19. Nxe4 Bb4 20. Nc3
Rxc3 21. bxc3 Bxc3 {[%mdl 64] Double Attack} 22. Re2 {Hoping for Rc1.} Bxa1 23.
Qxa1 Nc4 24. Qe1 Nd6 ({Don't blunder} 24... Qxd4 $2 25. Nxc4 Rxe2 26. Qxe2 $18)
(24... Nxe3 {keeps more tension.} 25. Rxe3 Rf8 26. Qd2 Qd6 27. a3 g6) 25. Nd5
Rxe2 26. Qxe2 Kf8 27. Ne3 g6 28. Qf3 Kg7 29. Qd5 Qf6 30. a3 Qe6 31. Qc5 Ne4 32.
Qc2 h5 33. Qd3 Nd6 34. Qd2 Qf6 35. Nd5 {[#]} (35. f3 $11) 35... Nc4 $1 $17 {
[%cal Rc4d2]} 36. Qc3 (36. Nxf6 Nxd2) 36... Qd6 37. Nb4 a5 38. Nc2 a4 ({
Black should try} 38... Qd5 $17) 39. Qd3 (39. d5+ $11 {remains equal.} Kg8 40.
Nb4) 39... h4 40. d5 Qe5 41. Ne3 $2 {[%mdl 8192] [#]} (41. Qd1 $17) 41... Qa1+
$2 (41... Nxe3 $1 $19 {has better winning chances.} 42. fxe3 Qa1+ 43. Kf2 b4)
42. Kh2 Qe5+ $2 {[%mdl 8192]} ({Much worse is} 42... Qxa3 $6 43. Qd4+ Kg8 44.
Nxc4 $11) (42... Nxa3 43. d6 $16) (42... Nd6 $17 43. Nc2 Qf6) 43. Kg1 $19 {[#]}
Nxe3 $1 44. fxe3 {[%mdl 4096] Endgame KQ-KQ} b4 45. d6 Qa1+ 46. Kf2 bxa3 {
Black mates.} 47. d7 Qf6+ 48. Ke2 a2 49. d8=Q Qxd8 50. Qxd8 a1=Q 51. Qxh4 a3 {
Weighted Error Value: White=0.55/Black=0.22} 0-1

[Event "9th Norway Chess 2021"]
[Site "Stavanger"]
[Date "2021.09.15"]
[Round "8.1"]
[White "Carlsen, Magnus"]
[Black "Rapport, Richard"]
[Result "1-0"]
[WhiteElo "2855"]
[BlackElo "2760"]
[Annotator "TA"]
[PlyCount "153"]
[EventDate "2021.08.31"]
[EventType "tourn"]
[EventCountry "NOR"]
[SourceTitle "playchess.com"]
[Source "ChessBase"]
[SourceQuality "1"]

{[%evp 9,153,22,26,14,33,0,23,16,23,29,28,9,25,15,30,6,31,23,23,23,25,25,32,20,
37,13,10,12,18,10,12,16,20,3,20,24,40,31,32,32,39,37,57,41,42,40,41,49,42,48,
33,27,30,30,15,16,18,20,18,23,24,24,24,7,39,31,41,45,31,31,45,31,31,31,31,31,
44,31,37,0,31,31,31,32,38,38,36,14,21,15,37,0,22,0,6,0,7,0,0,0,15,16,39,36,84,
44,70,68,396,396,396,396,360,361,405,415,413,404,417,400,410,380,405,403,380,
379,1466,1381,1924,1763,1893,1451,2525,2522,5413,4134,29975,29975,29979,29979,
29980,29980,29982,29983,29983,29984]} 1. e4 e5 2. Nf3 Nc6 3. Bb5 Nf6 4. d3 Ne7
5. O-O c6 6. Ba4 {C65: Ruy Lopez: Berlin Defence (3...Nf6), unusual lines and
4 0-0 Bc5.} Ng6 7. Re1 Be7 8. d4 {White has an edge.} d6 9. c3 O-O 10. Nbd2 {
[%cal Bb1d2,Bd2f1,Bf1g3][%mdl 32]} h6 {[#]} 11. Nf1 $146 ({Predecessor:} 11.
Bc2 Nh7 12. Nc4 Be6 13. Ne3 Ng5 14. d5 Nxf3+ 15. Qxf3 cxd5 16. exd5 Bd7 17. Nf5
Bxf5 18. Qxf5 {1/2-1/2 (66) Predojevic,B (2616)-Nestorovic,N (2405) Sarajevo
2013}) 11... Re8 12. Ng3 a5 13. Bc2 Qc7 14. a4 Bd7 15. h3 b5 16. Be3 Rab8 17.
Qd2 b4 18. Bd3 bxc3 19. bxc3 Be6 20. Qc2 Rb7 21. Nf1 Nh5 22. N1d2 Nhf4 23. Ba6
Rbb8 24. dxe5 dxe5 25. Rab1 Bd7 26. Bc4 Ne6 27. Qa2 Nh4 28. Nxh4 Bxh4 29. Nf3
Be7 30. Rbd1 Bc8 31. Qc2 Nf8 32. Rd2 Be6 33. Qa2 Red8 34. Rxd8 Bxd8 35. Rd1 Be7
36. h4 Rd8 37. Rb1 Rb8 38. Rxb8 Qxb8 39. g3 Bd8 40. Kg2 Bc7 41. Bxe6 Nxe6 42.
Qc4 Qe8 43. h5 Kh7 44. Qd3 Qe7 (44... f5 $5) 45. Nd2 Bd6 46. Nc4 Bc7 47. Qd1
Nf8 48. Qg4 Nd7 49. Kf1 Qe8 50. Kg2 Qe7 51. Qf5+ Kg8 52. g4 Nf8 53. g5 hxg5 54.
Bxg5 Qc5 (54... f6 {looks sharper.} 55. Be3 Qf7 56. Nb2 Nd7 57. Nc4 Nf8) 55.
Ne3 Qd6 ({Not} 55... Qxc3 $2 56. Ng4 $18) 56. Qg4 {[#] Nf5 is the strong
threat.} g6 57. Bh6 Nd7 58. Nc4 $36 {[%mdl 2048] White has good play.} Nf6 $2 {
[%mdl 8192] Loses the game.} 59. Qc8+ $18 Qd8 60. Qxd8+ Bxd8 {[#]} 61. Bg5 $1 (
{Less strong is} 61. Nxe5 Nxe4 62. hxg6 fxg6 $11) 61... gxh5 62. Bxf6 {[%mdl
64] Overworked Piece} Bxf6 63. Nxa5 {[%mdl 4096] Endgame KB-KN} Kf8 64. Nxc6
Ke8 65. Nb4 Bd8 66. Nd3 f6 67. Kg3 Kd7 $2 (67... Kf7 68. f3 Bc7) 68. f3 Ba5 69.
c4 Ke6 70. Kh4 f5 71. Kxh5 fxe4 72. fxe4 Kd6 73. Kg6 {White mates.} Bc7 74. Kf5
Kc6 75. Ke6 Kb6 76. Kd7 Bb8 77. c5+ {Weighted Error Value: White=0.07/Black=0.
15} 1-0

[Event "9th Norway Chess 2021"]
[Site "Stavanger"]
[Date "2021.09.15"]
[Round "8.1"]
[White "Nepomniachtchi, Ian"]
[Black "Tari, Aryan"]
[Result "0-1"]
[WhiteElo "2792"]
[BlackElo "2642"]
[Annotator "TA"]
[PlyCount "68"]
[EventDate "2021.08.31"]
[EventType "tourn"]
[EventCountry "NOR"]
[SourceTitle "playchess.com"]
[Source "ChessBase"]
[SourceQuality "1"]

{[%evp 9,68,9,6,4,8,0,0,0,10,7,0,0,0,0,6,6,0,0,6,6,6,-44,-29,-81,-66,-111,-100,
-86,-60,-186,-133,-142,-87,-85,-85,-80,-86,-88,-74,-70,0,-251,-227,-298,-276,
-306,-287,-296,-285,-320,-272,-451,-406,-764,-778,-768,-733,-6758,-6370,-29988,
-29988]} 1. c4 e5 2. Nc3 Bb4 3. Nd5 Be7 4. Nf3 d6 5. g3 Nf6 6. Nc3 {[#] A21:
English Opening: 1...e5 2 Nc3.} c5 $146 ({Predecessor:} 6... Be6 7. d3 O-O 8.
Bg2 Qc8 9. h4 Nc6 10. Bd2 h6 11. O-O Bh3 12. Rb1 Bxg2 13. Kxg2 Ng4 {0-1 (26)
Langner,D (2019)-Languidey,S (2257) Foz do Iguacu 2012}) 7. Bg2 h6 8. d3 {
The position is equal.} Be6 9. Nd2 Qd7 10. O-O O-O 11. Nd5 Nxd5 12. cxd5 Bh3
13. e4 Bxg2 14. Kxg2 f5 15. f4 exf4 16. gxf4 (16. Rxf4 $11 Na6 17. Nc4) 16...
Bf6 17. Nc4 {[#]} Na6 $1 18. Qf3 Rae8 19. Qh3 (19. a4 $1 $15) 19... Bd4 (19...
Qc7 $19 20. Qf3 Qe7) 20. Be3 {[#]} b5 (20... Qc7 $142 $1 21. Bxd4 (21. exf5 $2
Nb4 $19) 21... cxd4) 21. Bxd4 $17 bxc4 22. Bc3 cxd3 23. Rg1 Rf7 (23... Rxe4 24.
Kh1) 24. Kh1 Rxe4 ({Black should play} 24... d2 $15 25. Qxh6 Nb4 26. Bxd2 fxe4
27. Bxb4 cxb4) 25. Rg6 $2 {[%mdl 8192]} (25. Bxg7 $1 $11 {and White has
nothing to worry.} Rxg7 26. Rxg7+ Qxg7 27. Qxf5) 25... Rxf4 $19 26. Rag1 {
Threatening mate with Rxh6.} Rg4 $1 27. R1xg4 fxg4 28. Qxd3 Nb4 29. Qe4 {
intending Re6.} Re7 30. Qf4 (30. Qxg4 Qxg4 31. Rxg4) 30... Nxd5 31. Qc4 (31.
Qxg4 $142 Qxg4 32. Rxg4) 31... Qf5 {Threatens to win with ...Re4.} 32. Rxg4 Kh7
33. Bd2 Qf3+ 34. Kg1 Qd1+ {Weighted Error Value: White=0.81/Black=0.10} 0-1

[Event "9th Norway Chess 2021"]
[Site "Stavanger"]
[Date "2021.09.15"]
[Round "8.1"]
[White "Karjakin, Sergey"]
[Black "Firouzja, Alireza"]
[Result "0-1"]
[WhiteElo "2758"]
[BlackElo "2754"]
[Annotator "TA"]
[PlyCount "68"]
[EventDate "2021.08.31"]
[EventType "tourn"]
[EventCountry "NOR"]
[SourceTitle "playchess.com"]
[Source "ChessBase"]
[SourceQuality "1"]

{[%evp 11,68,6,13,0,0,0,0,-2,25,0,0,0,0,0,6,-27,0,-2,0,-21,-10,-128,-114,-126,
-122,-149,-118,-173,-85,-90,-75,-117,-91,-210,-202,-209,-204,-202,-211,-288,
-301,-291,-297,-285,-297,-552,-541,-649,-537,-714,-706,-692,-546,-531,-531,
-531,-524,-784,-749]} 1. e4 c5 2. Nf3 d6 3. d4 cxd4 4. Nxd4 Nf6 5. Nc3 a6 6. h3
e5 7. Nf3 {B90: Sicilian Najdorf: Unusual White 6th moves, 6 Be3 Ng4 and 6 Be3
e5.} Be7 8. g4 h6 9. Rg1 {[#] The position is equal.} Qc7 $146 ({Predecessor:} 
9... Nc6 10. g5 hxg5 11. Nxg5 Qc7 12. Bc4 Nd8 13. Bb3 Ne6 14. Qe2 Nxg5 15. Bxg5
Rxh3 16. Bxf6 Bxf6 {1-0 (27) Ponkratov,P (2619)-Drygalov,A (2500) Cheliabinsk
2021}) 10. Nh4 g6 11. Ng2 Be6 12. Ne3 Nbd7 13. h4 Qc6 14. Qf3 Nc5 {[%cal Rf6e4]
} 15. Bg2 Na4 16. Ned5 (16. Ncd5 $11 {remains equal.} Bxd5 17. exd5) 16... Nxc3
17. Nxf6+ Bxf6 18. Qxf6 {[#]} Kd7 $1 19. g5 (19. b3 $17 {was called for.})
19... Nxe4 (19... Na4 $19 20. c3 hxg5 21. Bxg5 Nxb2) 20. Qf3 $17 d5 $40 {
[%mdl 128] Black has strong attack.} 21. Qd1 {[#] Hoping for Bxe4.} Qb6 $1 {
[%csl Ge4][%cal Rb6f2]} 22. Be3 (22. Qe2 $17 {might work better.}) 22... Qxb2
$19 23. Bxe4 Qb4+ {[%mdl 64] Double Attack} 24. c3 Qxe4 25. Rb1 hxg5 {...d4 is
the strong threat.} 26. Rb4 d4 $1 27. cxd4 Ke8 ({Don't blunder} 27... gxh4 $2
28. dxe5+ Qd5 29. Rd4 $18) 28. hxg5 $2 (28. a3 {only move.}) 28... Rh3 {
Black is clearly winning.} 29. Kd2 Bf5 {aiming for ...Rc8.} 30. Qb3 Rc8 {
( -> ...Rc2+)} 31. Rc1 Rxc1 32. Kxc1 Rh1+ 33. Kd2 b5 34. d5 Qf3 {Weighted
Error Value: White=0.51/Black=0.17} 0-1